=LDR 00000nam 2200000 4500 =001 INLIS000000000039584 =005 20130612145212 =008 ***********************************Ind** =035 ##$$0010-061300000039584 =041 ##$$a Ind =082 ##$$a 633.74 =090 ##$$a 633.74, Sir b =100 ##$$a Siregar, Tumpal H.S =245 ##$$a Budi Daya Cokelat, Tumpal H.S.Siregar, Slamet Riyadi, Laeli Nuraeni =260 ##$$a 2010 $b Jakarta =300 ##$$a 172 Hlm, 22 Cm =650 ##$$a Cokelat - Budidaya =700 ##$$a Nuraeni, Laeli =850 ##$$a NBPNMAT =990 ##$$a 0001/BPAP-NTB/2016 =990 ##$$a 0001/BPAP-NTB/2016